10 największych państw Europy (powierzchnia) - Statystyki

Ogólne statystyki
  • Ten quiz został rozwiązany 89 razy
  • Średni wynik to 9 z 10
Statystyki odpowiedzi
Powierzchnia Państwo % Poprawnych
17 075 400 km² Rosja
100%
543 940 km² Francja
96%
312 679 km² Polska
96%
504 645 km² Hiszpania
95%
357 114 km² Niemcy
95%
603 700 km² Ukraina
95%
324 220 km² Norwegia
94%
301 340 km² Włochy
94%
338 145 km² Finlandia
90%
449 964 km² Szwecja
90%
Nie znaleziono quizów pasujących do podanych kryteriów
Rozkład punktacji
Procent ludzi z każdym wynikiem
Percentyl według liczby udzielonych odpowiedzi
Twoja historia wyników
Nie rozwiązałeś tego quizu